| 000 | 00709nam a22002297a 4500 | ||
|---|---|---|---|
| 999 |
_c8100 _d8100 |
||
| 003 | AR-CdUCM | ||
| 008 | 190322b ||||| |||| 00| 0 spa d | ||
| 040 |
_aMUNICIPALIDAD PROVINCIAL DEL CUSCO _cBIBLIOTECA MUNICIPAL DEL CUSCO |
||
| 041 | _hfre | ||
| 082 |
_a890.83 / _bG39 |
||
| 100 |
_aGheorghiu, C. Virgil _922877 |
||
| 245 | _aLos sacrificados del Danubio / | ||
| 260 |
_aBarcelona : _bLuis de Caralt, _c1957. |
||
| 300 |
_a185 páginas ; _c19 cm. |
||
| 505 | _aContenido: El profesor y su mujer -- La herida en el costado -- El descendimiento. | ||
| 650 |
_aLiteratura _983 |
||
| 650 |
_aEnsayos _9375 |
||
| 650 |
_aNovelas _9218 |
||
| 700 |
_aF. R. _922878 |
||
| 942 |
_2ddc _cLIBROS |
||
| 945 | _aachl | ||